Essay on medieval indian history/ (Record no. 153017)

MARC details
000 -LEADER
fixed length control field 00738nam a22002057a 4500
005 - DATE AND TIME OF LATEST TRANSACTION
control field 20180630163332.0
010 ## - LCCN (DPL NO)
LC control number B-163298
020 ## - INTERNATIONAL STANDARD BOOK NUMBER
International Standard Book Number 9780195672459
Terms of availability 295.00
035 ## - SYSTEM CONTROL NUMBER
System control number B-163298, B-163295
037 ## - SOURCE OF ACQUISITION
Stock number dpl
Source of stock number/acquisition Oxford University Press
082 ## - DEWEY DECIMAL CLASSIFICATION NUMBER
Classification number 954.02
100 ## - MAIN ENTRY--PERSONAL NAME
Personal name Chandra, Satish
245 ## - TITLE STATEMENT
Title Essay on medieval indian history/
Statement of responsibility, etc by Satish Chandra
260 ## - PUBLICATION, DISTRIBUTION, ETC. (IMPRINT)
Place of publication, distribution, etc New Delhi
Name of publisher, distributor, etc Oxford University Press
Date of publication, distribution, etc 2005
270 ## - ADDRESS
Address YMCA library building, Jai Singh road
City New Delhi
Postal code 110001
300 ## - PHYSICAL DESCRIPTION
Extent vii, 549p.
Dimensions 22cm(Pb)
500 ## - GENERAL NOTE
General note Including Index
942 ## - ADDED ENTRY ELEMENTS (KOHA)
Source of classification or shelving scheme Dewey Decimal Classification
Item type English Books
Classification part 954.02
Call number suffix CHA
Holdings
Withdrawn status Lost status Not for loan Collection code Home library Current library Date acquired Full call number Barcode Cost, replacement price Koha item type Source of acquisition Cost, normal purchase price Copy number
      Non-fiction Patel Nagar Patel Nagar 30/06/2018 954.02 CHA B-163295 295.00 English Books BPPD/Pub 295.00 1
      Non-fiction Sarojini Nagar Sarojini Nagar 23/06/2018 954.02 CHA B-163298 295.00 English Books      

© Delhi Public Library
Hit Counter
free hit counter